| 000 | 00356pab a2200145 454500 | ||
|---|---|---|---|
| 008 | 180718b1998 xxu||||| |||| 00| 0 eng d | ||
| 100 | _aReddy, P.H. | ||
| 245 | _aPopulation programme in Ninth Plan | ||
| 260 | _c1998 | ||
| 300 | _ap.239-44 | ||
| 362 | _a31 Jan-6 Feb | ||
| 650 | _aPopulation | ||
| 773 | _aEconomic and Political Weekly | ||
| 909 | _a36373 | ||
| 999 |
_c36373 _d36373 |
||